1606 1764 1642 1485 1942 1662 1697 1758 1846 1637 1898 1623 1977 1890 2000 1544 1252 1314 1624 1908 1017 1402 1716 1834 1599 1355 1230 1124 1020 1464 1267 1626 1315 1413 1740 1503 1891 1471 1064 1168 1776 1158 1502 1213 1297 1543 1685 1083 1109 1939 1819 1605 1347 1316 1380 1074 1007 1161 1516 1031 1051 1377 1744 1736 1957 1701 1115 1485 1380 1874 1285 1916 1180 1802 1452 1509 1408 1240 1346 1003 1650 1078 1008 1228 1364 1149 1049 1942 1143 1926 1576 1099 1320 1134 1315 1970 1842 1732 1611 BCNSPRNW ULIB Ver.6.0+V

เปลี่ยนเป็นภาษาไทย

Change to English
 แสดงรายละเอียดบรรณานุกรม
  กลับหน้าหลัก

Brief Record : Get Marc (ISO 2709) : E-mail record : QR code < ปิดหน้าต่าง
LEADER : 00000nam 2200000uu 4500
001    13399120122
003     ULIB
008    120904s2543||||th 000 0 tha d
020    ^a9742937826
060 04 ^aQZ40^bว790พ 2543
100 0  ^aวิสิทธิ์ อวิรุทร์นันท์
245 10 ^aพยาธิวิทยาระบบประสาท /^cวิสิทธิ์ อวิรุทร์นันท์
250    ^aพิมพ์ครั้งที่ 1
260    ^aนนทบุรี :^bโครงการสวัสดิการวิชาการ สถาบันพระบรมราชชนก,^c2543
300    ^a154 หน้า
650  7 ^aประสาท^xพยาธิวิทยา
945    ^p0^l0^i19413
945    ^p0^l0^i19414
945    ^p0^l0^i19415
995    ^aกัณชพร
999 ^a ใช้งานได้ทุกระบบ
รายการนี้ยังไม่มีแท็ก
คุณยังไม่ได้ล็อกอิน คุณสามารถมีกิจกรรมร่วมกับเว็บไซต์ได้ แต่ต้องล็อกอินก่อน ::
  ล็อกอิน

รายการสื่อสารสนเทศ

ลำดับที่ ประเภท เลขเรียก/บาร์โค้ด สถานที่ สถานะ
- ไม่พบข้อมูล -

รายการใกล้เคียง
    ผู้แต่ง [วิสิทธิ์ อวิรุทร์นันท์]

BibComment


ยังไม่เคยถูกคอมเมนท์

คอมเมนท์ทรัพยากรรายการนี้
  คอมเมนท์: พยาธิวิทยาระบบปร..


 Copyright 2026. Bcnsprnw @Library